| 000 | 00379 a2200169 4500 | ||
|---|---|---|---|
| 001 | 70141 | ||
| 020 | _a8526007491 | ||
| 040 | _cAnchieta - Itaigara | ||
| 100 | _aLacerda, Nilma | ||
| 240 | 1 | 0 |
_aCartas do São Francisco _lpor |
| 245 | 1 | 0 | _aCartas do São Francisco |
| 300 | _a40 | ||
| 362 | 0 | _a2001 | |
| 440 | 1 | _aGlobal | |
| 650 | 4 | _aLiteratura infanto-juvenil | |
| 942 | _cBK | ||
| 999 |
_c70141 _d70141 |
||